[Event "Andalucia-chT Honor Oriental"]
[Site "Andalucia"]
[Date "2018.11.17"]
[Round "6.30"]
[White "Terron Elena, Francisco Miguel"]
[Black "Soriano Requena, Francisco"]
[Result "1/2-1/2"]
[WhiteElo "2210"]
[BlackElo "1882"]
[PlyCount "47"]
[EventDate "2018.09.30"]
[EventType "team-tourn"]
[EventRounds "7"]
[EventCountry "ESP"]
[SourceTitle "EXT 2020"]
[Source "ChessBase"]
[SourceDate "2019.10.17"]
[SourceVersion "1"]
[SourceVersionDate "2019.10.17"]
[SourceQuality "1"]
[WhiteTeam "La Trocha Coin"]
[BlackTeam "Cruz Roja Santa Juana"]
[WhiteTeamCountry "ESP"]
[BlackTeamCountry "ESP"]

1. d4 e6 2. Nf3 f5 3. h3 Nf6 4. g4 Ne4 5. Rg1 Be7 6. Nc3 Bh4 7. Nxe4 fxe4 8. Nxh4 Qxh4 9. Bf4 0-0 10. Qd2 Qf6 11. Bg3 c5 12. e3 cxd4 13. exd4 d5 14. 0-0-0 Nc6 15. Be2 Bd7 16. Rgf1 Rfc8 17. f3 e3 18. Qxe3 Nb4 19. Bd3 Bb5 20. g5 Qe7 21. Bxb5 Nxc2 22. Qe5 Na3+ 23. Kd2 Nxb5 24. a3 1/2-1/2

[Event "Gibraltar Masters 13th"]
[Site "Caleta"]
[Date "2015.02.01"]
[Round "6"]
[White "Terron Elena, Francisco Miguel"]
[Black "Machlik, Monika"]
[Result "1-0"]
[WhiteElo "2218"]
[BlackElo "2015"]
[PlyCount "85"]
[EventDate "2015.01.27"]
[EventType "swiss"]
[EventRounds "10"]
[EventCountry "GGB"]
[SourceTitle "CBM 165"]
[Source "ChessBase"]
[SourceDate "2015.03.11"]
[SourceVersion "1"]
[SourceVersionDate "2015.03.11"]
[SourceQuality "1"]

1. d4 Nf6 2. c4 e6 3. Nc3 Bb4 4. g3 0-0 5. Bg2 d6 6. Nf3 Nbd7 7. 0-0 Bxc3 8. bxc3 e5 9. Qc2 c5 10. Rd1 Qc7 11. a4 a5 12. Rb1 Rb8 13. Nd2 b6 14. Nf1 Ba6 15. Ne3 Rbc8 16. Bh3 Rcd8 17. Ba3 Rfe8 18. Qb3 Bb7 19. Rb2 Bc6 20. Nd5 Bxd5 21. cxd5 Re7 22. dxe5 Rxe5 23. c4 Rde8 24. e3 R5e7 25. Rc1 Ne5 26. Bg2 Nfg4 27. e4 Rf8 28. f3 Nh6 29. g4 f6 30. Rbb1 Nd7 31. Rc3 Nf7 32. Bc1 Rfe8 33. Bf4 Nfe5 34. g5 fxg5 35. Bxg5 Rf7 36. Bh3 Kh8 37. Be6 Rff8 38. Kg2 Ng6 39. Bf5 Nge5 40. f4 Ng6 41. Rh3 Rxf5 42. exf5 Ngf8 43. Re3 1-0

[Event "Gibraltar Masters 13th"]
[Site "Caleta"]
[Date "2015.01.31"]
[Round "5"]
[White "Martinez Martin, David"]
[Black "Terron Elena, Francisco Miguel"]
[Result "1-0"]
[WhiteElo "2407"]
[BlackElo "2218"]
[PlyCount "65"]
[EventDate "2015.01.27"]
[EventType "swiss"]
[EventRounds "10"]
[EventCountry "GGB"]
[SourceTitle "CBM 165"]
[Source "ChessBase"]
[SourceDate "2015.03.11"]
[SourceVersion "1"]
[SourceVersionDate "2015.03.11"]
[SourceQuality "1"]

1. d4 Nf6 2. c4 g6 3. Nf3 Bg7 4. g3 c5 5. Bg2 0-0 6. 0-0 d6 7. dxc5 dxc5 8. Ne5 Nfd7 9. Nd3 Nc6 10. Nc3 Nb6 11. Nxc5 Nxc4 12. Qa4 N4e5 13. Rd1 Qa5 14. Qxa5 Nxa5 15. Bg5 Nec6 16. Rac1 h6 17. Bf4 e5 18. Bd2 Nc4 19. b3 Nxd2 20. Rxd2 Bf6 21. Nb5 Be7 22. Nxb7 Bg5 23. e3 Bxb7 24. Bxc6 Bxc6 25. Rxc6 a6 26. Nc7 Rac8 27. Rdc2 a5 28. h4 Bd8 29. Nd5 Ra8 30. R2c4 Kg7 31. Kf1 Ra7 32. Rd6 h5 33. Rc8 1-0

[Event "Gibraltar Masters 13th"]
[Site "Caleta"]
[Date "2015.01.29"]
[Round "3"]
[White "Terron Elena, Francisco Miguel"]
[Black "Agdestein, Simen"]
[Result "0-1"]
[WhiteElo "2218"]
[BlackElo "2626"]
[PlyCount "44"]
[EventDate "2015.01.27"]
[EventType "swiss"]
[EventRounds "10"]
[EventCountry "GGB"]
[SourceTitle "CBM 165"]
[Source "ChessBase"]
[SourceDate "2015.03.11"]
[SourceVersion "1"]
[SourceVersionDate "2015.03.11"]
[SourceQuality "1"]

1. d4 Nf6 2. c4 e6 3. Nc3 Bb4 4. Nf3 d5 5. cxd5 exd5 6. Bg5 Nbd7 7. Qc2 c5 8. g3 cxd4 9. Nxd4 Qb6 10. 0-0-0 Bxc3 11. Qxc3 Ne4 12. Qe3 Ne5 13. Nc2 Nc4 14. Qxb6 axb6 15. Be3 Nxe3 16. Nxe3 Nxf2 17. Nxd5 0-0 18. Bg2 Rxa2 19. Kb1 Ra8 20. Nxb6 Bf5+ 21. e4 Nxe4 22. Nxa8 Nd2+ 0-1

[Event "Malaga-ch"]
[Site "Malaga"]
[Date "2012.01.21"]
[Round "4"]
[White "Terron Elena, Francisco Miguel"]
[Black "Ladron de Guevara Pinto, Paolo"]
[Result "1-0"]
[WhiteElo "2297"]
[BlackElo "2299"]
[PlyCount "79"]
[EventDate "2012.01.14"]
[EventType "swiss"]
[EventRounds "9"]
[EventCountry "ESP"]
[SourceTitle "CBM 146 Extra"]
[Source "ChessBase"]
[SourceDate "2012.02.29"]
[SourceVersion "1"]
[SourceVersionDate "2012.02.29"]
[SourceQuality "1"]

1. d4 Nf6 2. c4 c5 3. d5 e6 4. Nc3 exd5 5. cxd5 d6 6. Nf3 g6 7. Qa4+ Bd7 8. Qb3 b5 9. Nxb5 Qa5+ 10. Qc3 Qxb5 11. Qxf6 Rg8 12. Ng5 Rg7 13. e4 Qb6 14. Bd3 Bb5 15. Qc3 Qa6 16. Bxb5+ Qxb5 17. f4 Nd7 18. Kf2 Rg8 19. e5 Nb6 20. Rd1 Bg7 21. Ne4 0-0-0 22. Qh3+ Kb8 23. Nxd6 Rxd6 24. exd6 Re8 25. Kg1 Bd4+ 26. Kh1 h5 27. Bd2 Rd8 28. f5 Nxd5 29. fxg6 fxg6 30. Qe6 Qc6 31. Qxg6 Rxd6 32. Qxh5 Rg6 33. Qf3 Rf6 34. Qh3 Qd6 35. Rf1 Rg6 36. Rae1 Rg8 37. Qe6 Qd8 38. Rf5 Rh8 39. h3 Nc7 40. Bf4 1-0

[Event "Malaga-ch"]
[Site "Malaga"]
[Date "2012.01.14"]
[Round "1"]
[White "Corrales Ibanez, Pedro Luis"]
[Black "Terron Elena, Francisco Miguel"]
[Result "0-1"]
[WhiteElo "1869"]
[BlackElo "2297"]
[PlyCount "62"]
[EventDate "2012.01.14"]
[EventType "swiss"]
[EventRounds "9"]
[EventCountry "ESP"]
[SourceTitle "CBM 146 Extra"]
[Source "ChessBase"]
[SourceDate "2012.02.29"]
[SourceVersion "1"]
[SourceVersionDate "2012.02.29"]
[SourceQuality "1"]

1. e4 e6 2. d4 d5 3. Bd3 c5 4. exd5 exd5 5. Nf3 c4 6. Be2 Nc6 7. 0-0 Bd6 8. Re1 Nge7 9. b3 cxb3 10. axb3 0-0 11. Ba3 Bf5 12. Bd3 Rc8 13. Bxf5 Nxf5 14. Qd3 Qf6 15. Bxd6 Nxd6 16. c3 a6 17. Nbd2 Nb5 18. Ne5 Qd6 19. Rac1 f6 20. Nef3 Rc7 21. Re3 Nb4 22. Qb1 Rfc8 23. c4 a5 24. Rce1 Na3 25. Qb2 Nac2 26. Re8+ Rxe8 27. Rxe8+ Kf7 28. c5 Qa6 29. Rh8 Qe2 30. Qc1 Nd3 31. Qf1 Nxd4 0-1

[Event "Malaga op 14th"]
[Site "Malaga"]
[Date "2011.05.02"]
[Round "5"]
[White "Terron Elena, Francisco Miguel"]
[Black "Aranaz Portugues, Jose Carlos"]
[Result "1-0"]
[WhiteElo "2301"]
[BlackElo "2130"]
[PlyCount "83"]
[EventDate "2011.04.29"]
[EventType "swiss"]
[EventRounds "7"]
[EventCountry "ESP"]
[SourceTitle "CBM 142 Extra"]
[Source "ChessBase"]
[SourceDate "2011.06.27"]
[SourceVersion "1"]
[SourceVersionDate "2011.06.27"]
[SourceQuality "1"]

1. d4 d5 2. c4 c6 3. Nf3 e6 4. e3 f5 5. Nbd2 Nf6 6. Ne5 Bd6 7. f4 Nbd7 8. Bd3 Qe7 9. 0-0 0-0 10. Ndf3 Ne4 11. Bd2 Ndf6 12. Be1 Qe8 13. c5 Bc7 14. b4 a5 15. bxa5 Bxa5 16. Bxa5 Rxa5 17. a4 h6 18. Nd2 Nxd2 19. Qxd2 Qd8 20. Rfb1 g5 21. Rb6 Ra7 22. a5 Nd7 23. Nxd7 Bxd7 24. a6 Qa8 25. Ra3 Bc8 26. Qb2 bxa6 27. Rab3 Rg7 28. Bxa6 Bxa6 29. Ra3 Rb7 30. Raxa6 Qxa6 31. Rxb7 Qd3 32. Rb3 Qd1+ 33. Kf2 Ra8 34. h3 Ra1 35. Rb8+ Kg7 36. Qb7+ Kg6 37. Rg8+ Kh5 38. Rxg5+ Kh4 39. Rg4+ fxg4 40. Qe7+ Kh5 41. Qf7+ Kh4 42. g3+ 1-0